000 00577nam a2200181Ia 4500
005 20260601193248.0
008 260601s9999||||xx |||||||||||||| ||und||
020 _a978-3-031-65172-4
_qebk
100 _aAnna Lisa Ferrara
245 0 _aData and Applications Security and Privacy XXXVIII
250 _a2024
260 _aHeidelberg, Germany
_bSpringer Nature
_c2024
440 _aLecture Notes in Computer Science
650 _aComputer Science
700 _aRam Krishnan
856 _uhttps://link.springer.com/openurl?genre=book&isbn=978-3-031-65172-4
942 _cEB
_2ddc
999 _c56643
_d56643